000 00346nam a22001337a 4500
008 230406b |||||||| |||| 00| 0 eng d
020 _a978-0-7385-6277-3
082 _a338.2
100 _aBrian Ardan
245 _athe anthracite coal region's Slavic community
260 _bArcadia Publishing,
_c2009
300 _a127 p.
_c23.5 cm
942 _2ddc
999 _c9516
_d9517